World Cities by Number of Cricket Tests Quiz Stats

Quiz Updated Jul 6, 2015

Also try: Cricket Outs
Challenge
Share
Tweet
Embed
Score 0/82 Timer 15:00
13 Plays Today
Country City % Correct
EnglandLondon
98.7%
AustraliaSydney
96.1%
AustraliaMelbourne
91.6%
EnglandManchester
87.9%
AustraliaPerth
82.7%
IndiaMumbai
79.3%
South AfricaCape Town
79.2%
New ZealandWellington
78.4%
South AfricaJohannesburg
78.4%
EnglandBirmingham
75.9%
IndiaDelhi
72.4%
EnglandLeeds
71.1%
AustraliaBrisbane
71.1%
AustraliaAdelaide
70.4%
New ZealandAuckland
68.6%
WalesCardiff
67.3%
Sri LankaColombo
66.9%
JamaicaKingston
65.7%
IndiaKolkata
62.8%
EnglandNottingham
58.2%
United Arab EmiratesDubai
57.3%
ZimbabweHarare
57.1%
New ZealandChristchurch
56.8%
PakistanKarachi
56.3%
BangladeshDhaka
53.2%
South AfricaDurban
53.1%
PakistanLahore
51.1%
EnglandSouthampton
49%
Country City % Correct
IndiaChennai
47.1%
AustraliaHobart
46.8%
EnglandChester-le-Street
45.1%
United Arab EmiratesAbu Dhabi
44.5%
GuyanaGeorgetown
40.9%
AustraliaDarwin
40.1%
IndiaBengaluru
39.4%
BarbadosBridgetown
38.6%
Trinidad and TobagoPort of Spain
38.4%
South AfricaPort Elizabeth
31.3%
IndiaHyderabad
30.7%
Antigua and BarbudaSt. John's
30.5%
New ZealandDunedin
30.4%
EnglandSheffield
27.2%
Sri LankaKandy
25.6%
BangladeshChittagong
25.5%
AustraliaCairns
25%
Sri LankaGalle
23.8%
South AfricaBloemfontein
22.2%
St Vincent and the GrenadinesKingstown
21.4%
New ZealandHamilton
21.1%
ZimbabweBulawayo
20.4%
United Arab EmiratesSharjah
20.4%
IndiaAhmedabad
18.4%
IndiaJaipur
18.2%
New ZealandNapier
17.3%
PakistanRawalpindi
16.7%
GrenadaSt. George's
15.9%
Country City % Correct
PakistanFaisalabad
14.7%
South AfricaEast London
14.3%
IndiaNagpur
14.1%
DominicaRoseau
13.9%
St Kitts and NevisBasseterre
12.1%
PakistanPeshawar
12%
South AfricaCenturion
10.7%
PakistanMultan
10.7%
IndiaKanpur
10%
IndiaLucknow
9.5%
IndiaChandigarh
8.1%
IndiaCuttack
5.3%
BangladeshKhulna
4.5%
PakistanSialkot
4.3%
St LuciaGros Islet
3.8%
Antigua and BarbudaNorth Sound
3.3%
South AfricaPotchefstroom
3.3%
Sri LankaPallekele
3.3%
GuyanaProvidence
3%
PakistanGujranwala
2.8%
Sri LankaMoratuwa
2.3%
IndiaJalandhar
2.3%
BangladeshBogra
2.3%
BangladeshFatullah
2.2%
PakistanBahawalpur
2.1%
IndiaSheikhupura
2%

You're not logged in!

Compare scores with friends on all Sporcle quizzes.
Sign Up with Email
OR
Log In

You Might Also Like...

Show Comments

Extras

Top Quizzes Today


Score Distribution

Your Account Isn't Verified!

In order to create a playlist on Sporcle, you need to verify the email address you used during registration. Go to your Sporcle Settings to finish the process.